| 000 | 00721nam a2200289Ia 4500 | ||
|---|---|---|---|
| 008 | 170203s9999 xx 000 0 und d | ||
| 020 | _a0-439507243 | ||
| 050 | _aFic | ||
| 050 | _b.K84d 2003 | ||
| 100 | _aKorman, Gordon | ||
| 245 | 4 | _aThe danger / | |
| 245 | _cGordon Korman. | ||
| 260 | _aNew York : | ||
| 260 | _bScholastic, Inc. | ||
| 260 | _c2003 | ||
| 300 | _a150 pages; | ||
| 300 | _c20 cm. | ||
| 440 | _aDive Series. | ||
| 440 | _vBook 3 | ||
| 500 | _a "An Apple paperback." | ||
| 650 | _aCaribbean Area -- | ||
| 650 | _aShipwrecks -- Caribbean Area -- | ||
| 650 | _aTreasure troves -- | ||
| 650 | _xJuvenile fiction. | ||
| 650 | _xJuvenile fiction. | ||
| 650 | _xJuvenile fiction. | ||
| 999 |
_c306118 _d306118 |
||